| 000 | 01116cam a2200301 a 4500 | ||
|---|---|---|---|
| 001 | 4498475 | ||
| 003 | ARRUPE | ||
| 005 | 20211104094619.0 | ||
| 008 | 970711s1997 enkab 001 0 eng | ||
| 010 | _a 97171583 | ||
| 020 | _a185409338X | ||
| 040 |
_aDLC _cDLC _dDLC |
||
| 050 | 0 | 0 |
_aD431 _b.E83 1997 |
| 082 | 0 | 0 |
_a355/.009/04 _221 |
| 100 | 1 |
_aEshel, David. _950966 |
|
| 245 | 1 | 0 |
_aBravery in battle : _bstories from the front line / _cDavid Eshel. |
| 260 |
_aLondon : _bArms and Armour Press ; _aNew York, N.Y. : _bDistributed in the USA by Sterling Pub. Co., _cc1997. |
||
| 300 |
_a240 p. : _bill., maps ; _c25 cm. |
||
| 500 | _aIncludes index. | ||
| 650 | 0 |
_aBattles. _934622 |
|
| 650 | 0 |
_aMilitary history, Modern _y20th century. _94044 |
|
| 650 | 0 |
_aCourage. _949581 |
|
| 650 | 0 |
_aMilitary history, Modern _y19th century. _950967 |
|
| 856 | 4 | 1 |
_3Table of contents only _uhttp://www.loc.gov/catdir/toc/fy0714/97171583.html |
| 906 |
_a7 _bcbc _corignew _d2 _encip _f19 _gy-gencatlg |
||
| 942 |
_2lcc _cMONOGRAPH |
||
| 999 |
_c131101 _d131101 |
||